MARC

LEADER 00000nam0a2200000 4500
001 326256
005 20231102003838.0
035 |a (RuTPU)RU\TPU\book\351891 
090 |a 326256 
100 |a 20161221d1933 km y0rusy50 ca 
101 1 |a rus  |c eng 
102 |a RU 
105 |a a z 001zy 
200 1 |a Атмосфера как коллоид  |e пер. с англ.  |f А. Шмаус, А. Виганд  |g Институт искусственного дождя ; пер. В. С. Кузнецовой ; под ред. И. И. Крамалея 
210 |a Москва  |c Изд-во Центрального управления единой гидрометеорологической службы ссср  |d 1933 
215 |a 44 с.  |c ил. 
320 |a Библиогр.: с. 41-43 
606 1 |a Атмосферные осадки  |x Искусственное увеличение  |2 stltpush  |3 (RuTPU)RU\TPU\subj\77121  |9 87703 
610 1 |a атмосфера 
610 1 |a атмосферная влага 
610 1 |a коллоидное состояние 
610 1 |a коллоидные системы 
610 1 |a аэрозольные системы 
610 1 |a суспензии 
610 1 |a поверхности 
610 1 |a электрические свойства 
610 1 |a воздушные массы 
610 1 |a конденсация 
610 1 |a капли 
610 1 |a электрические заряды 
675 |a 551.509.6  |v 3 
700 1 |a Шмаус  |b А. 
701 1 |a Виганд  |b А. 
702 1 |a Кузнецова  |b В. С.  |4 730 
702 1 |a Крамалей  |b И. И.  |4 340 
712 0 2 |a Институт искусственного дождя  |2 stltpush  |3 (RuTPU)RU\TPU\col\27489  |9 28676 
801 1 |a RU  |b 63413507  |c 20161221 
801 2 |a RU  |b 63413507  |c 20200828  |g RCR 
942 |c BK